|
|
|
|
| LEADER |
00000nam0a2200000 4500 |
| 001 |
57101 |
| 005 |
20231101211638.0 |
| 010 |
|
|
|a 582910203X
|
| 010 |
|
|
|a 5-88687-139-X
|
| 035 |
|
|
|a (RuTPU)RU\TPU\book\60156
|
| 090 |
|
|
|a 57101
|
| 100 |
|
|
|a 20031021d2003 km y0rusy50 ca
|
| 101 |
0 |
|
|a rus
|
| 102 |
|
|
|a RU
|
| 105 |
|
|
|a a z 001zy
|
| 200 |
1 |
|
|a О русском национальном характере
|f К. Касьянова
|
| 210 |
|
|
|a Москва
|c Академический проект
|a Екатеринбург
|c Деловая книга
|d 2003
|
| 215 |
|
|
|a 560 с.
|c ил.
|
| 225 |
1 |
|
|a Окна и зеркала
|
| 320 |
|
|
|a Библиогр.: с. 540-557
|
| 606 |
|
|
|a Русские
|x (этнология)
|2 stltpush
|3 (RuTPU)RU\TPU\subj\68288
|9 83716
|
| 610 |
1 |
|
|a история
|
| 610 |
1 |
|
|a этнография
|
| 610 |
1 |
|
|a Россия
|
| 610 |
1 |
|
|a русский характер
|
| 610 |
1 |
|
|a этнические общности
|
| 610 |
1 |
|
|a национальный характер
|
| 610 |
1 |
|
|a интеллигенция
|
| 610 |
1 |
|
|a личность
|
| 610 |
1 |
|
|a репрессии
|
| 610 |
1 |
|
|a обряды
|
| 686 |
|
|
|a Т52(2=411.2)
|v LBC/SL-A
|2 rubbk
|
| 700 |
|
1 |
|a Касьянова
|b К.
|g Ксения
|
| 801 |
|
1 |
|a RU
|b 63413507
|c 20031021
|g PSBO
|
| 801 |
|
2 |
|a RU
|b 63413507
|c 20180531
|g PSBO
|
| 942 |
|
|
|c BK
|